| 000 | 00401nam a22001457a 4500 | ||
|---|---|---|---|
| 003 | OSt | ||
| 008 | 250902b |||||||| |||| 00| 0 eng d | ||
| 041 | _aeng | ||
| 082 |
_a894.8124 _bJAL/RA |
||
| 100 |
_aJaleel, K. T _95370 |
||
| 245 |
_aRameswarathe sufi / _bരാമേശ്വരത്തെ സൂഫി |
||
| 260 |
_aThiruvananthapuram : _bMythri Books, _c2024. |
||
| 300 | _a205 p. | ||
| 942 | _cBK | ||
| 999 |
_c19489 _d19489 |
||